Normal view
MARC view
- Manley, Bill
Entry Personal Name
001 - CONTROL NUMBER
- control field: 130851
003 - CONTROL NUMBER IDENTIFIER
- control field: NUST
005 - DATE AND TIME OF LATEST TRANSACTION
- control field: 20251003115857.0
008 - FIXED-LENGTH DATA ELEMENTS
- fixed length control field: 251003|| aca||aabn | a|a d
040 ## - CATALOGING SOURCE
- Original cataloging agency: NUST
- Transcribing agency: NUST
100 ## - HEADING--PERSONAL NAME
- Personal name: Manley, Bill
670 ## - SOURCE DATA FOUND
- Source citation: Work cat.: (NUST)0: Manley, Bill, author., Egyptian hieroglyphs for complete beginners :
